| 000 | 01098nam a22001577a 4500 | ||
|---|---|---|---|
| 008 | 200121b xxu||||| |||| 00| 0 eng d | ||
| 020 | _a9988010087 | ||
| 050 | _aKRX774.C84 | ||
| 100 | _aCrabbe, Samuel Azu. | ||
| 245 |
_aLaw of wills in Ghana. / _cSamuel Azu Crabbe. |
||
| 260 |
_a Accra : _bViesco Universal Limited, _c1998. |
||
| 300 |
_axl, 295 pages : _c25 cm. |
||
| 500 | _aIncludes index. | ||
| 505 | _aContents: Will under customary law -- Is samansiw a universal institution in Ghana? -- The English wills Act (1837) -- The will Act, 1971 (Act 360) of Ghana -- Disposition of property -- Different kinds of gift a testator may make -- Beneficary under a will -- Devolution on the estate after death of testator -- Probate -- Jurisdiction for granting probate -- Proving a will -- The construction of a will by the court -- Granting of probate -- Probate from other countries -- Forms of probate -- Revocation of grant of probate (or letters of administration) -- Administration of the estate -- Duties, rights and liabilities of executors or personal representatives. | ||
| 942 |
_2lcc _cBK |
||
| 999 |
_c6988 _d14488 |
||